| 000 | 00729cam a2200253 4500500 | ||
|---|---|---|---|
| 005 | 20260329004904.0 | ||
| 041 | _afre | ||
| 042 | _adc | ||
| 100 | 1 | 0 |
_aLarmagnac-Matheron, Octave _eauthor |
| 245 | 0 | 0 | _aSchopenhauer, philosophe de (sale) caractère |
| 260 | _c2021. | ||
| 500 | _a2 | ||
| 690 | _aArthur Schopenhauer | ||
| 690 | _aColère | ||
| 690 | _aÉnervement | ||
| 690 | _aFemme | ||
| 690 | _aMachisme | ||
| 690 | _aMisogynie | ||
| 690 | _aNietzsche | ||
| 690 | _aRessentiment | ||
| 690 | _aSchopenhauer | ||
| 786 | 0 | _nPhilosophie magazine | 150 | 6 | 2021-06-01 | p. 43-43 | 1951-1787 | |
| 856 | 4 | 1 | _uhttps://shs.cairn.info/magazine-philosophie-magazine-2021-6-page-43?lang=fr&redirect-ssocas=7080 |
| 999 |
_c1838190 _d1838190 |
||